| 000 | 00878cam a22002531 4500 | ||
|---|---|---|---|
| 008 | 720515s1971 sp 000 0 spa | ||
| 010 | _a 72316925 | ||
| 040 |
_aDLC _cOU _dOKentU _dOCoLC _dDLC |
||
| 050 | 0 | 0 |
_aPQ6072 _b.D49 |
| 092 | 0 | 4 |
_a860.90064 _bD5427 _221 |
| 099 |
_a04 _a860.90064 D5427 |
||
| 100 | 1 |
_aDiaz-Plaja, Guillermo, _d1909- |
|
| 245 | 1 | 0 |
_aCien libros espanoles : _bpoesia y novela, 1968-1970 / _cGuillermo Diaz Plaja |
| 260 |
_a[Salamanca] : _bAnaya , _c[1971] |
||
| 300 |
_axv, 413 p.; _c20 cm. |
||
| 490 | 0 | _aTemas y estudios | |
| 600 | 1 | 0 |
_aDiaz-Plaja, Guillermo, _d1909- _xHistory and criticism |
| 650 | 0 |
_aSpanish literature _y20th century _xHistory and criticism |
|
| 902 | _a1 | ||
| 905 |
_aAmro L. _eCat |
||
| 905 |
_aJihan _eRev. |
||
| 942 |
_2ddc _cBK |
||
| 999 |
_c148629 _d148629 |
||